Il corpo di Jonah Boyd /

সংরক্ষণ করুন:
গ্রন্থ-পঞ্জীর বিবরন
প্রধান লেখক: Leavitt, David (লেখক)
অন্যান্য লেখক: Vezzoli, Delfina
বিন্যাস: গ্রন্থ
ভাষা:ইতালিয়
প্রকাশিত: Milano : Oscar Mondadori, 2006
মালা:Oscar narrativa ; 1916
ট্যাগগুলো: ট্যাগ যুক্ত করুন
কোনো ট্যাগ নেই, প্রথমজন হিসাবে ট্যাগ করুন!

MARC

LEADER 00000nam a2200000 i 4500
001 IT\ICCU\PAL\0203210
003 ItRI
005 20260115231851.0
008 060317s2006 it |||||| ||||| |||||c
020 |a 880455178X 
040 |b ita  |c importazione bologna sebina 
041 7 |a ita  |2 ISO-639-2 
100 1 |a Leavitt, David  |0 IT\ICCU\CFIV\008092  |4 aut 
240 1 4 |a The body of Jonah Boyd.  |3 IT\ICCU\MOD\0932076  |9 Leavitt, David 
245 1 3 |a Il corpo di Jonah Boyd /  |c David Leavitt ; traduzione di Delfina Vezzoli. 
260 |a Milano :  |b Oscar Mondadori,  |c 2006 
300 |a 233 p. ;  |c 20 cm. 
700 1 |a Vezzoli, Delfina  |0 IT\ICCU\CFIV\008093 
830 0 |a Oscar narrativa ;  |v 1916  |0 IT\ICCU\CFI\0167118 
942 |2 ddc  |c BK  |n 0 
952 |0 0  |1 0  |4 0  |6 DOC_813_540000000000000_LEA  |7 0  |9 14686  |a BO  |b BO  |d 2026-01-15  |i 11230  |l 0  |o DOC 813.54 LEA  |p BO11230  |r 2026-01-15 23:18:51  |w 2026-01-15  |x [Sebina 5] [1 v.]  |y BK  |z 1 v. 
999 |c 12658  |d 12658